Wheel of Time Aes Sedai by Ajah Tile Select - Statistics

General Stats
  • This quiz has been taken 22 times
  • The average score is 41 of 63
Answer Stats
Question Tile Select % Correct
Red Ajah Aes Sedai Berenicia Morsad No
100%
Green Ajah Aes Sedai Elayne Trakand Yes
100%
Red Ajah Aes Sedai Leane Sharif No
100%
Gray Ajah Aes Sedai Sheriam Bayanar No
100%
Green Ajah Aes Sedai Adine Canford No
92%
Gray Ajah Aes Sedai Jamilila Norsish No
92%
Red Ajah Aes Sedai Kiruna Nachiman No
92%
Green Ajah Aes Sedai Myrelle Berengari Yes
92%
Green Ajah Aes Sedai Nalasia Merhan No
92%
Blue Ajah Aes Sedai Shana Goridien No
92%
Green Ajah Aes Sedai Sheraine Caminelle No
92%
Blue Ajah Aes Sedai Siuan Sanche Yes
92%
Green Ajah Aes Sedai Adelorna Bastine Yes
83%
Blue Ajah Aes Sedai Carlinya Sorevin No
83%
Red Ajah Aes Sedai Demira Eriff No
83%
Red Ajah Aes Sedai Lirene Doirellin Yes
83%
Gray Ajah Aes Sedai Merana Ambrey Yes
83%
Blue Ajah Aes Sedai Niande Moorwyn No
83%
Yellow Ajah Aes Sedai Rosara Medrano No
83%
Red Ajah Aes Sedai Teslyn Baradon Yes
83%
Blue Ajah Aes Sedai Valinde Nathenos No
83%
Yellow Ajah Aes Sedai Varilin Zanaire No
83%
Blue Ajah Aes Sedai Akarrin Comeris No
75%
Yellow Ajah Aes Sedai Asne Zeramene No
75%
Yellow Ajah Aes Sedai Chesmal Emry Yes
75%
Red Ajah Aes Sedai Coiren Saeldein No
75%
Yellow Ajah Aes Sedai Manda Wan No
75%
White Ajah Aes Sedai Sashalle Anderly No
75%
Gray Ajah Aes Sedai Yukiri Haruna Yes
75%
Red Ajah Aes Sedai Barasine Yes
67%
Blue Ajah Aes Sedai Bera Harkin No
67%
Gray Ajah Aes Sedai Birlen Pena No
67%
Blue Ajah Aes Sedai Faolain Orande Yes
67%
Brown Ajah Aes Sedai Ferane Neheran No
67%
Brown Ajah Aes Sedai Lusonia Cole No
67%
Green Ajah Aes Sedai Merise Haindehl Yes
67%
Green Ajah Aes Sedai Cariandre Temalien No
58%
Yellow Ajah Aes Sedai Doesine Alwain Yes
58%
White Ajah Aes Sedai Ferane Neheran Yes
58%
White Ajah Aes Sedai Irgain Fatamed No
58%
Brown Ajah Aes Sedai Mikio Vadere No
58%
White Ajah Aes Sedai Seaine Herimon Yes
58%
Brown Ajah Aes Sedai Takima Deraighdin Yes
58%
White Ajah Aes Sedai Amico Nagoyin No
50%
Brown Ajah Aes Sedai Jennet Cobb No
50%
Blue Ajah Aes Sedai Lyrelle Arienwin Yes
50%
Brown Ajah Aes Sedai Saerin Asnobar Yes
50%
Yellow Ajah Aes Sedai Salita Toranes Yes
50%
Gray Ajah Aes Sedai Sierin Vayu Yes
50%
Gray Ajah Aes Sedai Temaile Kinderode Yes
50%
Gray Ajah Aes Sedai Akoure Vayet Yes
42%
Brown Ajah Aes Sedai Felaana Bevaine Yes
42%
Green Ajah Aes Sedai Nacelle Kayama Yes
42%
Brown Ajah Aes Sedai Sareitha Tomares Yes
42%
White Ajah Aes Sedai Saroiya Farseen Yes
42%
Yellow Ajah Aes Sedai Farellien Yes
33%
White Ajah Aes Sedai Kateri Nepvue Yes
33%
Gray Ajah Aes Sedai Shahal Comanli Yes
33%
Brown Ajah Aes Sedai Haesel Lusara Yes
25%
Red Ajah Aes Sedai Lemai Ambani Yes
25%
White Ajah Aes Sedai Ronaille Vevanios Yes
25%
White Ajah Aes Sedai Mayam Colona Yes
17%
Yellow Ajah Aes Sedai Niere Yes
17%
No matching quizzes found
Score Distribution
Percent of People with Each Score
Percentile by Number Answered
Your Score History
You have not taken this quiz